Le statut juridique des pieux établissements français à l'étranger : le cas de la fondation Saint-Louis-des-Français de Madrid (notice n° 1536105)
[ vue normale ]
| 000 -LEADER | |
|---|---|
| fixed length control field | 00561cam a2200145 4500500 |
| 005 - DATE AND TIME OF LATEST TRANSACTION | |
| control field | 20251012020603.0 |
| 041 ## - LANGUAGE CODE | |
| Language code of text/sound track or separate title | fre |
| 042 ## - AUTHENTICATION CODE | |
| Authentication code | dc |
| 100 10 - MAIN ENTRY--PERSONAL NAME | |
| Personal name | Betengne, Jean-Paul |
| Relator term | author |
| 245 00 - TITLE STATEMENT | |
| Title | Le statut juridique des pieux établissements français à l'étranger : le cas de la fondation Saint-Louis-des-Français de Madrid |
| 260 ## - PUBLICATION, DISTRIBUTION, ETC. | |
| Date of publication, distribution, etc. | 2005.<br/> |
| 500 ## - GENERAL NOTE | |
| General note | 95 |
| 786 0# - DATA SOURCE ENTRY | |
| Note | L'Année canonique | XLVII | 1 | 2005-02-11 | p. 195-226 | 0570-1953 |
| 856 41 - ELECTRONIC LOCATION AND ACCESS | |
| Uniform Resource Identifier | <a href="https://shs.cairn.info/revue-l-annee-canonique-2005-1-page-195?lang=fr&redirect-ssocas=7080">https://shs.cairn.info/revue-l-annee-canonique-2005-1-page-195?lang=fr&redirect-ssocas=7080</a> |
Pas d'exemplaire disponible.




Réseaux sociaux